[Event "DEM U16 2011"]
[Site "Oberhof GER"]
[Date "2011.06.16"]
[Round "7"]
[White "Mons, Leon"]
[Black "Wagner, Dennis"]
[Result "0-1"]
[Termination "normal"]
[Board "1"]
[WhiteElo "2258"]
[BlackElo "2240"]
[PlyCount "68"]
[WhiteFideId "4614950"]
[BlackFideId "24650684"]
[EventCountry "GER"]
[EventRounds "9"]
[EventType "swiss"]
[EventDate "2011.06.11"]

1. d4 d5 2. Bf4 Nf6 3. e3 c5 4. c3 Nc6 5. Bd3 Qb6 6. Qb3 c4 7. Qxb6 axb6 8. Bc2
b5 9. b3 b4 10. Nf3 e6 11. O-O Be7 12. Rc1 O-O 13. cxb4 Nxb4 14. bxc4 Rxa2 15.
Rxa2 Nxa2 16. Rd1 dxc4 17. Ne5 b5 18. Nc6 Re8 19. Rd2 b4 20. Ba4 b3 21. Ne5 Ba6
22. Bxe8 Nxe8 23. Nc6 Bf8 24. Rb2 Nb4 25. Nxb4 Bxb4 26. e4 Nd6 27. f3 Nb5 28.
Be3 Kf8 29. Kf2 Ke7 30. g4 Kd7 31. Bf4 Nxd4 32. Be5 c3 33. Bxd4 c2 34. Rxb3
Be1+ 0-1

[Event "DEM U16 2011"]
[Site "Oberhof GER"]
[Date "2011.06.16"]
[Round "7"]
[White "Möhn, Hans"]
[Black "Noe, Christopher"]
[Result "1/2-1/2"]
[Termination "normal"]
[Board "2"]
[WhiteElo "2033"]
[BlackElo "1998"]
[PlyCount "108"]
[WhiteFideId "24647837"]
[BlackFideId "24692018"]
[EventCountry "GER"]
[EventRounds "9"]
[EventType "swiss"]
[EventDate "2011.06.11"]

1. e4 Nf6 2. e5 Nd5 3. c4 Nb6 4. d4 d6 5. exd6 cxd6 6. Nc3 g6 7. Be3 Bg7 8. Be2
O-O 9. Rc1 e5 10. dxe5 dxe5 11. Qxd8 Rxd8 12. c5 N6d7 13. Nb5 Nc6 14. Nd6 Nf6
15. Nf3 Be6 16. Bb5 Rab8 17. Nxb7 Rxb7 18. Bxc6 Rc7 19. Ba4 Nd5 20. Ng5 Nf4 21.
Bxf4 exf4 22. Nxe6 fxe6 23. Rc2 Bd4 24. c6 e5 25. f3 Kf7 26. Ke2 Rb8 27. b3 Ke6
28. Kd3 Rd8 29. Ke2 Rb8 30. Rd1 Kf5 31. Rc4 a5 32. Rdxd4 exd4 33. Rc5+ Ke6 34.
Rxa5 Kd6 35. a3 h6 36. b4 Re8+ 37. Kd2 d3 38. Kxd3 Re3+ 39. Kd4 Rxa3 40. Rd5+
Ke6 41. Bb5 Rb3 42. Kc5 Rxb4 43. Rd6+ Ke5 44. Rxg6 Rb2 45. Kb6 Rc8 46. Rg7 Rb8+
47. Rb7 Rc8 48. Re7+ Kf6 49. Rh7 Rb8+ 50. Rb7 Rc8 51. Kc5 Rxg2 52. h4 Rf2 53.
Rh7 Rxf3 54. Rxh6+ Ke5 1/2-1/2

[Event "DEM U16 2011"]
[Site "Oberhof GER"]
[Date "2011.06.16"]
[Round "7"]
[White "Göbel, Constantin"]
[Black "Kaphle, Sebastian"]
[Result "1-0"]
[Termination "normal"]
[Board "4"]
[WhiteElo "2148"]
[BlackElo "2171"]
[PlyCount "59"]
[WhiteFideId "24647071"]
[BlackFideId "24626708"]
[EventCountry "GER"]
[EventRounds "9"]
[EventType "swiss"]
[EventDate "2011.06.11"]

1. e4 c5 2. Nf3 Nf6 3. Nc3 Nc6 4. d4 d5 5. exd5 Nxd5 6. Nxd5 Qxd5 7. Be3 cxd4
8. Nxd4 a6 9. Nb3 Nb4 10. Qxd5 Nxd5 11. Bd2 e5 12. Bd3 Nb4 13. Be4 f5 14. a3
Nc6 15. Bxc6+ bxc6 16. Na5 c5 17. O-O-O Bd6 18. Nc4 Bc7 19. Bc3 e4 20. Rd5 Be6
21. Rxc5 Bf4+ 22. Bd2 Bxd2+ 23. Nxd2 Rc8 24. Rxc8+ Bxc8 25. Re1 Bb7 26. f3 Kd8
27. fxe4 fxe4 28. Nxe4 Re8 29. Rd1+ Kc7 30. Nd6 1-0

[Event "DEM U16 2011"]
[Site "Oberhof GER"]
[Date "2011.06.16"]
[Round "7"]
[White "Stahnecker, Ludwig"]
[Black "Müller, Nick"]
[Result "1-0"]
[Termination "normal"]
[Board "6"]
[WhiteElo "2087"]
[BlackElo "1958"]
[PlyCount "69"]
[WhiteFideId "24692026"]
[BlackFideId "24692093"]
[EventCountry "GER"]
[EventRounds "9"]
[EventType "swiss"]
[EventDate "2011.06.11"]

1. e4 c6 2. d4 d5 3. exd5 cxd5 4. c4 Nf6 5. Nc3 e6 6. Nf3 Bb4 7. cxd5 Nxd5 8.
Qc2 Nc6 9. Bd3 h6 10. O-O O-O 11. a3 Be7 12. Qe2 Re8 13. Bd2 Nf6 14. Rad1 Bf8
15. Ne4 Nxe4 16. Qxe4 g6 17. Rfe1 Bd7 18. h4 e5 19. d5 Bf5 20. Qc4 Bxd3 21.
Qxd3 Bg7 22. Bc3 Nd4 23. Nxd4 exd4 24. Rxe8+ Qxe8 25. Bxd4 Bxd4 26. Qxd4 Qd7
27. d6 b6 28. Qf6 Re8 29. f4 h5 30. f5 Kh7 31. fxg6+ fxg6 32. Rf1 Rd8 33. Qe5
Re8 34. Qf6 Rd8 35. Re1 1-0

[Event "DEM U16 2011"]
[Site "Oberhof GER"]
[Date "2011.06.16"]
[Round "7"]
[White "Neef, Maximilian"]
[Black "Neumair, Jerome"]
[Result "1-0"]
[Termination "normal"]
[Board "7"]
[WhiteElo "1999"]
[BlackElo "2115"]
[PlyCount "69"]
[WhiteFideId "24692085"]
[BlackFideId "24672637"]
[EventCountry "GER"]
[EventRounds "9"]
[EventType "swiss"]
[EventDate "2011.06.11"]

1. c4 e5 2. Nc3 Nf6 3. Nf3 Nc6 4. g3 d5 5. cxd5 Nxd5 6. Bg2 Nb6 7. d3 Be7 8.
O-O Be6 9. a3 O-O 10. b4 f6 11. Bb2 Qd7 12. Rc1 Rfd8 13. Ne4 Rac8 14. Qc2 a5
15. Nc5 Bxc5 16. bxc5 Nd5 17. Rfd1 b5 18. d4 e4 19. Qxe4 Bf5 20. Qh4 Re8 21.
Ne5 fxe5 22. e4 Bg4 23. exd5 Bxd1 24. dxc6 Qg4 25. d5 Qxh4 26. gxh4 Bb3 27. d6
Rcd8 28. d7 Re6 29. Rc3 Bc4 30. Rxc4 bxc4 31. Bd5 Kf7 32. Bxe5 c3 33. Bxc3 Ke7
34. Bxe6 Kxe6 35. Bxa5 1-0

[Event "DEM U16 2011"]
[Site "Oberhof GER"]
[Date "2011.06.16"]
[Round "7"]
[White "Gibicar, Danijel"]
[Black "Hacker, Jonas"]
[Result "0-1"]
[Termination "normal"]
[Board "8"]
[WhiteElo "2037"]
[BlackElo "1765"]
[PlyCount "76"]
[WhiteFideId "24660256"]
[BlackFideId "1270968"]
[EventCountry "GER"]
[EventRounds "9"]
[EventType "swiss"]
[EventDate "2011.06.11"]

1. d4 d5 2. c4 c6 3. Nf3 Nf6 4. Nc3 dxc4 5. e4 b5 6. e5 Nd5 7. a4 Nxc3 8. bxc3
e6 9. Ng5 Be7 10. Qh5 Bxg5 11. Bxg5 Qc7 12. Be2 Bb7 13. Qg4 Nd7 14. Bh4 Rg8 15.
O-O Nb6 16. Qh5 h6 17. f4 Nd5 18. f5 exf5 19. Qxf5 g6 20. Qf3 Qd7 21. e6 fxe6
22. Rf2 Qg7 23. Raf1 Bc8 24. Qe4 Bd7 25. Bg4 Nxc3 26. Qe1 Qxd4 27. Bxe6 Ne4 28.
Bxg8 Bf5 29. Kh1 Kf8 30. Rxf5+ gxf5 31. Bh7 Kg7 32. Bxf5 Rf8 33. Qe2 Qd3 34.
Qg4+ Kh8 35. Re1 Rxf5 36. Kg1 Qd4+ 37. Kh1 Nf2+ 38. Bxf2 Qxg4 0-1

[Event "DEM U16 2011"]
[Site "Oberhof GER"]
[Date "2011.06.16"]
[Round "7"]
[White "Miller, Eduard"]
[Black "Stövesand, Eric"]
[Result "1-0"]
[Termination "normal"]
[Board "10"]
[WhiteElo "2118"]
[BlackElo "1864"]
[PlyCount "101"]
[WhiteFideId "24687022"]
[BlackFideId "24651117"]
[EventCountry "GER"]
[EventRounds "9"]
[EventType "swiss"]
[EventDate "2011.06.11"]

1. c4 c5 2. Nf3 Nc6 3. g3 g6 4. Bg2 Bg7 5. O-O e6 6. Nc3 Nge7 7. b3 O-O 8. Bb2
d5 9. d3 b6 10. e3 Bb7 11. a3 Rb8 12. Qc2 d4 13. exd4 Nxd4 14. Nxd4 Bxd4 15.
Rad1 Bxg2 16. Kxg2 Nc6 17. Ne2 Qf6 18. Bc1 Rfd8 19. h4 Qg7 20. Bg5 Bf6 21. Qd2
Bxg5 22. hxg5 Rd7 23. Nc3 f5 24. gxf6 Qxf6 25. Ne4 Qf5 26. g4 Qxg4+ 27. Ng3 Rf8
28. f3 Qf4 29. Qxf4 Rxf4 30. Rfe1 Nd4 31. b4 $11 31... Rxf3 32. bxc5 bxc5 33.
Re5 Rdf7 34. Ne4 Nc2 35. Kh2 R7f5 36. Rxc5 Nxa3 37. Rc6 Re5 38. Kg2 Rf7 39. Rc1
Rb7 40. Kf3 a5 41. Ke3 Rb2 42. Kd4 Rf5 43. Rxe6 Rb4 44. Ke3 Kg7 45. Ra6 Rh5 46.
Ra7+ Kh6 47. Nf6 Rh3+ 48. Kd4 Kg5 49. Nxh7+ Kg4 50. Rg1+ Rg3 51. Nf6+ 1-0

[Event "DEM U16 2011"]
[Site "Oberhof GER"]
[Date "2011.06.16"]
[Round "7"]
[White "Tran, Duc Cuong"]
[Black "Powierski, Emil"]
[Result "0-1"]
[Termination "normal"]
[Board "11"]
[WhiteElo "1986"]
[BlackElo "2000"]
[PlyCount "78"]
[WhiteFideId "24689718"]
[BlackFideId "4656199"]
[EventCountry "GER"]
[EventRounds "9"]
[EventType "swiss"]
[EventDate "2011.06.11"]

1. e4 c5 2. Nf3 d6 3. d4 cxd4 4. Nxd4 Nf6 5. Nc3 a6 6. Be2 e5 7. Nb3 Be7 8. Bg5
Be6 9. Bxf6 Bxf6 10. Qd3 O-O 11. O-O-O Qb6 12. Rhf1 Nc6 13. Qxd6 Bxb3 14. axb3
Rad8 15. Qa3 Be7 16. Qa4 Qa7 17. Nd5 Bc5 18. Qc4 b5 19. Qc3 Nd4 20. Qd3 a5 21.
Kb1 b4 22. Qa6 Nxe2 23. Qxe2 a4 24. Qb5 axb3 25. cxb3 Ra8 26. Kc2 Rfc8 27. Kd2
Qa2 28. Rb1 Qxb3 29. Qd3 Qa2 30. Rfc1 Bf8 31. Rxc8 Rxc8 32. Ke1 b3 33. Nc3 Bb4
34. Kf1 Bxc3 35. bxc3 h6 36. f3 Rxc3 37. Qxc3 Qxb1+ 38. Ke2 Qa2+ 39. Kd3 b2 0-1

[Event "DEM U16 2011"]
[Site "Oberhof GER"]
[Date "2011.06.16"]
[Round "7"]
[White "Titgemeyer, Sven"]
[Black "Stanau, Guido"]
[Result "1-0"]
[Termination "normal"]
[Board "12"]
[WhiteElo "2028"]
[BlackElo "1994"]
[PlyCount "127"]
[WhiteFideId "24676934"]
[BlackFideId "24692255"]
[EventCountry "GER"]
[EventRounds "9"]
[EventType "swiss"]
[EventDate "2011.06.11"]

1. e4 c5 2. Nf3 d6 3. d4 cxd4 4. Nxd4 Nf6 5. Nc3 g6 6. Be3 Bg7 7. f3 O-O 8. Qd2
Nc6 9. g4 Qa5 10. O-O-O Rd8 11. h4 Nxd4 12. Bxd4 e5 13. Be3 Be6 14. Kb1 d5 15.
Nxd5 Rxd5 16. exd5 Qxd2 17. Bxd2 Bxd5 18. Be2 e4 19. fxe4 Nxe4 20. Be1 Bc6 21.
Rh3 Re8 22. Rhd3 Nc3+ 23. Bxc3 Bxc3 24. Rd8 Bf6 25. Rxe8+ Bxe8 26. g5 Be7 27.
Bf3 b6 28. c4 h6 29. Rg1 Bd7 30. Kc2 hxg5 31. hxg5 Bc5 32. Rg2 Bf5+ 33. Kc3 f6
34. gxf6 Kf7 35. Rh2 a5 36. a3 Kxf6 37. b4 axb4+ 38. axb4 Bd6 39. Rh1 Kg5 40.
c5 bxc5 41. b5 Kf4 42. Bc6 Be6 43. b6 Be5+ 44. Kd2 c4 45. b7 c3+ 46. Kc1 Bf5
47. Rh8 g5 48. Rf8 Kg4 49. Bf3+ Kf4 50. Be4 Kxe4 51. Re8 Kd4 52. Rxe5 Kxe5 53.
b8=Q+ Ke4 54. Qb4+ Kf3 55. Qxc3+ Kf4 56. Kd2 Be4 57. Qe3+ Kf5 58. Kc3 g4 59.
Kd4 Bf3 60. Qe5+ Kg6 61. Qf4 Kh5 62. Ke3 Kh4 63. Kf2 Kh5 64. Kg3 1-0

[Event "DEM U16 2011"]
[Site "Oberhof GER"]
[Date "2011.06.16"]
[Round "7"]
[White "Schreiner, Till"]
[Black "Perestjuk, Marko"]
[Result "1-0"]
[Termination "normal"]
[Board "13"]
[WhiteElo "2159"]
[BlackElo "1957"]
[PlyCount "67"]
[WhiteFideId "24675555"]
[BlackFideId "1270254"]
[EventCountry "GER"]
[EventRounds "9"]
[EventType "swiss"]
[EventDate "2011.06.11"]

1. d4 d5 2. c4 e6 3. Nc3 c6 4. e3 Bd6 5. Nf3 f5 6. Bd3 Nf6 7. O-O O-O 8. b3 Ne4
9. Bb2 Nd7 10. Ne2 Rf6 11. Ne5 Bxe5 12. dxe5 Rh6 13. g3 Qe8 14. h4 a5 15. a3
Nec5 16. Nf4 Nxd3 17. Qxd3 b6 18. Rfd1 Ba6 19. Qc2 dxc4 20. bxc4 Nc5 21. Kg2 a4
22. Rab1 Bb7 23. f3 Nb3 24. Rd6 Rd8 25. Rbd1 Rxd6 26. Rxd6 Kf7 27. Nxe6 Bc8 28.
Ng5+ Kg8 29. e6 Bxe6 30. Qc3 Rg6 31. Rxe6 Qd7 32. Qe5 Qd2+ 33. Kh3 Qe1 34. Re8#
1-0

[Event "DEM U16 2011"]
[Site "Oberhof GER"]
[Date "2011.06.16"]
[Round "7"]
[White "Hocke, Sebastian"]
[Black "Holle, Cedric"]
[Result "1-0"]
[Termination "normal"]
[Board "14"]
[WhiteElo "1684"]
[BlackElo "1832"]
[PlyCount "119"]
[WhiteFideId "24678724"]
[BlackFideId "24692158"]
[EventCountry "GER"]
[EventRounds "9"]
[EventType "swiss"]
[EventDate "2011.06.11"]

1. e4 e6 2. d4 d5 3. Nc3 Nf6 4. Bg5 Be7 5. e5 Nfd7 6. h4 a6 7. Qg4 f5 8. Qh5+
g6 9. Qh6 Bxg5 10. hxg5 Qe7 11. Nf3 c5 12. Ne2 Nc6 13. Nf4 Nf8 14. O-O-O cxd4
15. Nxd4 Nxe5 16. Re1 Nf7 17. Nxd5 Qd8 18. Nf6+ Qxf6 19. Qxf8+ $11 19... Kxf8
20. gxf6 Ng5 21. f4 Ne4 22. Bd3 Nc5 23. Bc4 Kf7 24. Re5 b6 25. b4 Ne4 26. Bxe6+
Bxe6 27. Nxe6 Kxf6 28. Nc7 Ra7 29. Nd5+ Kg7 30. Nxb6 Rb8 31. Nd5 Rc8 32. Rd1
Rc4 33. Kb2 Nf2 34. Rde1 Rd4 35. Kc3 Re4 36. R1xe4 Nxe4+ 37. Kd4 Kf8 38. c4 Ra8
39. c5 Rc8 40. Re7 Nf6 41. Re5 Ne4 42. Re7 Rd8 43. Re5 Rc8 44. a4 a5 45. b5
Nxc5 46. Re7 Nxa4 47. Rxh7 Rc2 48. Ra7 Nc5 49. b6 Nb3+ 50. Ke5 Nc5 51. Kf6 Ke8
52. b7 Nd7+ 53. Kg7 Nb8 54. Ra8 Kd7 55. Rxb8 Rb2 56. Ra8 Rxb7 57. Rxa5 Rb2 58.
Kxg6 Rxg2+ 59. Kxf5 Rf2 60. Ra6 1-0

[Event "DEM U16 2011"]
[Site "Oberhof GER"]
[Date "2011.06.16"]
[Round "7"]
[White "Klarner, Alexander"]
[Black "Muth, Matthias"]
[Result "0-1"]
[Termination "normal"]
[Board "15"]
[WhiteElo "1889"]
[BlackElo "1908"]
[PlyCount "112"]
[WhiteFideId "1271721"]
[BlackFideId "1271747"]
[EventCountry "GER"]
[EventRounds "9"]
[EventType "swiss"]
[EventDate "2011.06.11"]

1. e4 c5 2. Nc3 Nc6 3. Bb5 Nd4 4. Bc4 e6 5. Nf3 a6 6. a3 b5 7. Ba2 Bb7 8. d3
Ne7 9. Nxd4 cxd4 10. Ne2 Nc6 11. O-O Bc5 12. Ng3 Qc7 13. Nh5 O-O-O 14. Nxg7 Bd6
15. f4 Rdg8 16. Nh5 f5 17. Rf2 Ne7 18. Qe2 Rg6 19. Ng3 h5 20. Nf1 Rg4 21. e5
Bc5 22. Nd2 Rhg8 23. Nf3 Ng6 24. h3 Nxf4 25. Bxf4 Rxf4 26. Kh1 Rg3 27. Raf1 Qd8
28. Qd2 Rfxf3 29. Rxf3 Bxf3 30. Rxf3 $11 30... Rxf3 31. gxf3 Qh4 32. Kg2 f4 33.
Qf2 Qg5+ 34. Kf1 Qxe5 35. Qe2 Qf5 36. Kg2 d5 37. Bb3 Be7 38. Qe1 Kb7 39. a4 b4
40. a5 Kc7 41. Ba4 h4 42. Kh2 Qg6 43. Qe5+ Bd6 44. Qe1 Qg3+ 45. Qxg3 fxg3+ 46.
Kg2 Be7 47. b3 Kd6 48. Be8 Ke5 49. Bc6 Kf4 50. Bb7 Ke3 51. Bxa6 Kd2 52. Bc8 e5
53. a6 Bc5 54. Bb7 Kxc2 55. Bxd5 Kxd3 56. Bc4+ Kc2 0-1

[Event "DEM U16 2011"]
[Site "Oberhof GER"]
[Date "2011.06.17"]
[Round "8"]
[White "Wagner, Dennis"]
[Black "Friedrich, Wiede"]
[Result "1-0"]
[Termination "normal"]
[Board "2"]
[WhiteElo "2240"]
[BlackElo "2193"]
[PlyCount "121"]
[WhiteFideId "24650684"]
[BlackFideId "24629537"]
[EventCountry "GER"]
[EventRounds "9"]
[EventType "swiss"]
[EventDate "2011.06.11"]

1. d4 d5 2. c4 c6 3. cxd5 cxd5 4. Nc3 Nf6 5. Nf3 e6 6. Bf4 Bd6 7. Ne5 Nc6 8.
Nxc6 bxc6 9. Bxd6 Qxd6 10. e3 O-O 11. Bd3 Bd7 12. O-O c5 13. Rc1 c4 14. Bb1
Rab8 15. Qe2 Bc6 16. Rcd1 Nd7 17. e4 dxe4 18. Nxe4 Bxe4 19. Qxe4 Nf6 20. Qc2 g6
21. Rfe1 Rfc8 22. Re3 Qb6 23. Re2 Nd5 24. Qc1 Qa6 25. Rc2 Nb4 26. Rc3 Nxa2 27.
Bxa2 Qxa2 28. Rd2 Qa5 29. Rdc2 Rb4 30. h3 Qb5 31. Kh2 Rb8 32. Rxc4 Rxc4 33.
Rxc4 Qxb2 34. Qf4 Rf8 35. h4 a5 36. h5 Qb8 37. Rc7 Qb5 38. Rc5 Qb8 39. Rc7 Qb5
40. Rc5 Qb6 41. h6 f6 42. Rc7 a4 43. Rg7+ Kh8 44. Re7 Qc6 45. Ra7 Kg8 46. Rg7+
Kh8 47. Ra7 Kg8 48. Rg7+ Kh8 49. Rf7 Kg8 50. Rxf8+ Kxf8 51. Qxf6+ Ke8 52. Qh8+
Ke7 53. Qxh7+ Kd6 54. Qg7 a3 55. h7 Qc1 56. Qe5+ Kd7 57. h8=Q a2 58. Qhg7+ Kc8
59. Qxe6+ Kb8 60. Qb6+ Kc8 61. Qbb7+ 1-0

[Event "DEM U16 2011"]
[Site "Oberhof GER"]
[Date "2011.06.17"]
[Round "8"]
[White "Noe, Christopher"]
[Black "Moritz, Aron"]
[Result "1-0"]
[Termination "normal"]
[Board "3"]
[WhiteElo "1998"]
[BlackElo "2094"]
[PlyCount "89"]
[WhiteFideId "24692018"]
[BlackFideId "24672319"]
[EventCountry "GER"]
[EventRounds "9"]
[EventType "swiss"]
[EventDate "2011.06.11"]

1. Nf3 g6 2. g3 Bg7 3. Bg2 c5 4. O-O Nc6 5. e4 d6 6. d3 e5 7. Nbd2 Nge7 8. Nc4
O-O 9. c3 h6 10. Nh4 f5 11. exf5 d5 12. Ne3 gxf5 13. f4 e4 14. dxe4 dxe4 15.
Qb3+ Kh8 16. Rd1 Qc7 17. Nd5 Qb8 18. Nxe7 Nxe7 19. Be3 Qc7 20. Rd2 Rf6 21. Rad1
Be6 22. Qb5 b6 23. Bf1 Rff8 24. Rd7 Bxd7 25. Rxd7 Qc6 26. Rxe7 Qf6 27. Qb3 Kh7
28. Re6 Qd8 29. Bb5 a6 30. Bc6 Qd3 31. Bf2 c4 32. Qxb6 Rab8 33. Qe3 Rxb2 34.
Qxd3 cxd3 35. Rd6 Rf6 36. Rxf6 Bxf6 37. Nxf5 d2 38. Ne3 Bxc3 39. Bxe4+ Kg8 40.
Nd1 Rb4 41. Bd5+ Kg7 42. Nxc3 Rb1+ 43. Kg2 d1=Q 44. Nxd1 Rxd1 45. Bc4 1-0

[Event "DEM U16 2011"]
[Site "Oberhof GER"]
[Date "2011.06.17"]
[Round "8"]
[White "Möhn, Hans"]
[Black "Neef, Maximilian"]
[Result "0-1"]
[Termination "normal"]
[Board "4"]
[WhiteElo "2033"]
[BlackElo "1999"]
[PlyCount "100"]
[WhiteFideId "24647837"]
[BlackFideId "24692085"]
[EventCountry "GER"]
[EventRounds "9"]
[EventType "swiss"]
[EventDate "2011.06.11"]

1. d4 d5 2. c4 c6 3. e3 Nf6 4. Nc3 a6 5. Nf3 b5 6. b3 Bg4 7. Be2 Nbd7 8. O-O e6
9. h3 Bh5 10. Nd2 Bxe2 11. Qxe2 Bb4 12. Bb2 O-O 13. Rad1 Rc8 14. e4 Qa5 15. Qd3
dxe4 16. Ndxe4 Rfd8 17. a3 Be7 18. d5 bxc4 19. bxc4 Ne5 20. Qg3 Nxc4 21. d6 Nh5
22. Qg4 Nxd6 23. Nxd6 Bxd6 24. Ne4 Be7 25. Rc1 Qf5 26. Qxf5 exf5 27. Nc5 Nf4
28. Rc4 Bxc5 29. Rxc5 Rd5 30. Rc4 Ne6 31. Rfc1 c5 32. a4 Kf8 33. Bc3 Rcd8 34.
Kh2 Rd1 35. Rc2 Rb1 36. g3 Rdd1 37. h4 g5 38. Bb2 g4 39. Rc1 Rdxc1 40. Bxc1 Rb4
41. Bh6+ Ke7 42. Rc2 Rxa4 43. Rb2 Rb4 44. Ra2 Rb6 45. Be3 Rc6 46. Rb2 c4 47.
Rb7+ Kf6 48. h5 c3 49. h6 c2 50. Bc1 Nd4 0-1

[Event "DEM U16 2011"]
[Site "Oberhof GER"]
[Date "2011.06.17"]
[Round "8"]
[White "Hacker, Jonas"]
[Black "Carow, Johannes"]
[Result "0-1"]
[Termination "normal"]
[Board "5"]
[WhiteElo "1765"]
[BlackElo "2171"]
[PlyCount "78"]
[WhiteFideId "1270968"]
[BlackFideId "24692050"]
[EventCountry "GER"]
[EventRounds "9"]
[EventType "swiss"]
[EventDate "2011.06.11"]

1. e4 c5 2. Nf3 e6 3. d4 cxd4 4. Nxd4 a6 5. Bd3 Bc5 6. Nb3 Be7 7. O-O Nc6 8.
Qg4 Bf6 9. f4 d6 10. Nc3 Nge7 11. Be3 Ng6 12. Qf3 O-O 13. Rad1 Qc7 14. Rd2 b5
15. Nd1 Bb7 16. g4 e5 17. f5 Nf4 18. Bxf4 exf4 19. Qxf4 Qd8 20. Rg2 h6 21. Nc3
Ne7 22. Qg3 b4 23. Nd1 Nc8 24. Re2 a5 25. c4 bxc3 26. bxc3 Nb6 27. Nd4 Rc8 28.
Nf3 Nc4 29. Nd4 Re8 30. Bxc4 Rxc4 31. Nb2 Rc8 32. Qd3 d5 33. e5 Bxe5 34. Rfe1
Qd6 35. Nf3 Ba6 36. c4 Qb6+ 37. Kh1 dxc4 38. Qc2 Bb7 39. Kg2 Qd4 0-1

[Event "DEM U16 2011"]
[Site "Oberhof GER"]
[Date "2011.06.17"]
[Round "8"]
[White "Kaphle, Sebastian"]
[Black "Kaulich, Philipp Theodor"]
[Result "1-0"]
[Termination "normal"]
[Board "6"]
[WhiteElo "2171"]
[BlackElo "1999"]
[PlyCount "95"]
[WhiteFideId "24626708"]
[BlackFideId "4641582"]
[EventCountry "GER"]
[EventRounds "9"]
[EventType "swiss"]
[EventDate "2011.06.11"]

1. e4 c5 2. Nf3 d6 3. d4 cxd4 4. Nxd4 Nf6 5. Nc3 g6 6. Be3 Bg7 7. f3 Nc6 8. Qd2
O-O 9. g4 Be6 10. O-O-O Nxd4 11. Bxd4 Qa5 12. a3 Rab8 13. h4 b5 14. Nd5 Qxd2+
15. Rxd2 Bxd5 16. exd5 a5 17. Bh3 b4 18. g5 Nh5 19. Bxg7 Kxg7 20. Bg4 Ng3 21.
Rg1 Nf5 22. h5 Rb7 23. h6+ Kg8 24. Rd3 Rfb8 25. Kd2 Kf8 26. Ra1 Ke8 27. axb4
axb4 28. Ra6 Rc7 29. Bxf5 gxf5 30. Rd4 Kd7 31. Kd3 Rbc8 32. Rxb4 Rxc2 33. Ra7+
R2c7 34. Rbb7 Rxb7 35. Rxb7+ Kd8 36. f4 Ra8 37. Kd4 Ra4+ 38. b4 Kc8 39. Rxe7
Rxb4+ 40. Ke3 Rb3+ 41. Ke2 Rb7 42. Re8+ Kd7 43. Rh8 Rb3 44. Rxh7 Ke8 45. Rh8+
Ke7 46. Ra8 Rh3 47. g6 fxg6 48. h7 1-0

[Event "DEM U16 2011"]
[Site "Oberhof GER"]
[Date "2011.06.17"]
[Round "8"]
[White "Müller, Alexander"]
[Black "Stahnecker, Ludwig"]
[Result "0-1"]
[Termination "normal"]
[Board "7"]
[WhiteElo "1908"]
[BlackElo "2087"]
[PlyCount "95"]
[WhiteFideId "4624696"]
[BlackFideId "24692026"]
[EventCountry "GER"]
[EventRounds "9"]
[EventType "swiss"]
[EventDate "2011.06.11"]

1. e4 c5 2. Nf3 e6 3. d4 cxd4 4. Nxd4 a6 5. Bd3 Qc7 6. O-O Nf6 7. Qe2 d6 8. Bd2
Nbd7 9. Nc3 g6 10. Nb3 Bg7 11. a4 b6 12. a5 b5 13. Bxb5 axb5 14. Nxb5 Qb8 15.
Bb4 Bf8 16. N3d4 Ba6 17. c4 e5 18. Bxd6 Qb7 19. Bxf8 Kxf8 20. Nd6 Qb4 21. N4b5
Bxb5 22. Nxb5 Rxa5 23. Rxa5 Qxa5 24. f4 Qb6+ 25. Kh1 Kg7 26. b4 Qc6 27. Nc3 Rc8
28. c5 Re8 29. f5 Rb8 30. Qc4 Nb6 31. Qa6 Qa8 32. Qd3 Rd8 33. Qf3 Nbd7 34. Rd1
Nf8 35. Rf1 N8d7 36. Nd5 g5 37. Qe3 h6 38. Rd1 Nb8 39. Qc3 Qa4 40. Ra1 Nxd5 41.
exd5 Rxd5 42. f6+ Kg8 43. Re1 Nc6 44. Rg1 Qxb4 45. Qh3 Qe4 46. Ra1 Kh7 47. Qc8
Rd8 48. Qc7 0-1

[Event "DEM U16 2011"]
[Site "Oberhof GER"]
[Date "2011.06.17"]
[Round "8"]
[White "Müller, Nick"]
[Black "Miller, Eduard"]
[Result "1-0"]
[Termination "normal"]
[Board "8"]
[WhiteElo "1958"]
[BlackElo "2118"]
[PlyCount "63"]
[WhiteFideId "24692093"]
[BlackFideId "24687022"]
[EventCountry "GER"]
[EventRounds "9"]
[EventType "swiss"]
[EventDate "2011.06.11"]

1. d4 d5 2. c4 c6 3. cxd5 cxd5 4. Nc3 Nf6 5. Nf3 e6 6. Bf4 Nc6 7. e3 Qb6 8. Bb5
Bd7 9. Qb3 Be7 10. O-O O-O 11. Rac1 a6 12. Ba4 Qxb3 13. Bxb3 b5 14. h3 Rfc8 15.
Bc2 Na5 16. Ne5 Be8 17. Bd3 Nc4 18. b3 Nd2 19. Rfd1 Nde4 20. Nb1 b4 21. f3 Nc3
22. Nxc3 bxc3 23. Rc2 Ba3 24. Bg3 Nd7 25. Be1 Nxe5 26. dxe5 Bc5 27. Kf2 d4 28.
Kg3 dxe3 29. Rxc3 Rc7 30. Rdc1 Rac8 31. Bxa6 Bd4 32. Bxc8 1-0

[Event "DEM U16 2011"]
[Site "Oberhof GER"]
[Date "2011.06.17"]
[Round "8"]
[White "Powierski, Emil"]
[Black "Schreiner, Till"]
[Result "0-1"]
[Termination "normal"]
[Board "9"]
[WhiteElo "2000"]
[BlackElo "2159"]
[PlyCount "96"]
[WhiteFideId "4656199"]
[BlackFideId "24675555"]
[EventCountry "GER"]
[EventRounds "9"]
[EventType "swiss"]
[EventDate "2011.06.11"]

1. e4 c6 2. d4 d5 3. e5 c5 4. dxc5 e6 5. Be3 Ne7 6. Nf3 Nf5 7. Bg5 Qc7 8. Bd3
h6 9. Bc1 Bxc5 10. O-O Ne7 11. c3 a5 12. a4 Bd7 13. Na3 Bc6 14. Nc2 O-O 15. Qe2
Bb6 16. Be3 Nd7 17. Bxb6 Nxb6 18. Bb5 Bxb5 19. axb5 Qc4 20. Rfe1 Rfc8 21. Ncd4
Qxe2 22. Rxe2 a4 23. Rc2 Nc4 24. g3 Ng6 25. Re2 Nf8 26. Ra2 Nd7 27. Nc2 Nc5 28.
Nd2 Nxd2 29. Rxd2 Nb3 30. Rd1 Rc5 31. Na3 Kf8 32. f4 Ke7 33. Kf2 h5 34. Ke3 f6
35. Rf1 Rf8 36. exf6+ gxf6 37. Nc2 Ra8 38. Na3 Kd6 39. Rd1 b6 40. Rf1 Ke7 41.
Rf2 e5 42. fxe5 fxe5 43. Rf1 Ke6 44. Re1 d4+ 45. Kd3 dxc3 46. bxc3 Rd8+ 47. Ke2
Rxc3 48. Kf2 Nc1 0-1

[Event "DEM U16 2011"]
[Site "Oberhof GER"]
[Date "2011.06.17"]
[Round "8"]
[White "Gibicar, Danijel"]
[Black "Titgemeyer, Sven"]
[Result "1-0"]
[Termination "normal"]
[Board "10"]
[WhiteElo "2037"]
[BlackElo "2028"]
[PlyCount "107"]
[WhiteFideId "24660256"]
[BlackFideId "24676934"]
[EventCountry "GER"]
[EventRounds "9"]
[EventType "swiss"]
[EventDate "2011.06.11"]

1. d4 Nf6 2. c4 c5 3. d5 b5 4. cxb5 a6 5. bxa6 Bxa6 6. Nc3 d6 7. g3 g6 8. Bg2
Nbd7 9. Rb1 Qa5 10. Bd2 Bg7 11. Nf3 O-O 12. O-O Rfb8 13. Qc2 Qc7 14. b3 Nb6 15.
Ng5 Qb7 16. Rfe1 h6 17. Nh3 Nbxd5 18. Nxd5 Nxd5 19. Nf4 e6 20. Nxd5 exd5 21.
Rbd1 Bb5 22. Bf4 Rd8 23. Bxd5 Bc6 24. e4 Bxd5 25. Rxd5 Qa6 26. Re2 g5 27. Be3
Rac8 28. Red2 c4 29. bxc4 Rxc4 30. Qd3 Rc1+ 31. Kg2 Qa8 32. Bd4 Rc6 33. Bxg7
Kxg7 34. Qd4+ Kg6 35. Rf5 d5 36. Rxd5 Re8 37. Rd6+ Rxd6 38. Qxd6+ Re6 39. Qd5
Qa4 40. f3 Qa3 41. Qb3 Qxb3 42. axb3 Rb6 43. Rb2 Rb4 44. Kf2 f5 45. exf5+ Kxf5
46. Ke3 h5 47. Kd3 h4 48. Kc3 Rb8 49. b4 Ke5 50. b5 hxg3 51. hxg3 Kd5 52. b6
Rf8 53. b7 Rxf3+ 54. Kc2 1-0